KFZ-Kennzeichen Schleswig-Holstein ALLE - Statistiken

Allgemein
  • Dieses Quiz wurde 568 mal gespielt
  • Das Durchschnittsergebnis liegt bei 15 aus 17
Antwortstatistiken
Abkürzung Stadt oder Landkreis % Korrekt
KI Kiel
100%
FL Flensburg
99%
ECK Eckernförde
96%
IZ Itzehoe
96%
PLÖ Plön
96%
NMS Neumünster
95%
PI Pinneberg
93%
HEI Heide
92%
SE Bad Segeberg
89%
HL Hansestadt Lübeck
88%
NF Landkreis Nordfriesland
88%
RZ Ratzeburg
87%
RD Rendsburg
87%
SL Schleswig
87%
OH Landkreis Ostholstein
86%
OD Bad Oldesloe
72%
MED Meldorf
44%
Keine übereinstimmenden Quizze gefunden
Verteilung der Resultate
Anzahl Personen mit jedem Resultat
Perzentil nach korrekt beantworteten Fragen
Ihre Resultats-Entwicklung
Sie haben dieses Quiz noch nicht gespielt